<?xml version="1.0" encoding="UTF-8"?>
<collection xmlns="http://www.loc.gov/MARC21/slim">
  <record>
    <leader>00000nam  2200000   4500</leader>
    <controlfield tag="001">INLIS000000000002102</controlfield>
    <controlfield tag="005">20180724144126</controlfield>
    <controlfield tag="008">180724|||||||||   |   |||   |||| ||   | </controlfield>
    <datafield tag="035" ind1=" " ind2=" ">
      <subfield code="0">010-0718002102</subfield>
    </datafield>
    <datafield tag="041" ind1=" " ind2=" ">
      <subfield code="a">id</subfield>
    </datafield>
    <datafield tag="082" ind1=" " ind2=" ">
      <subfield code="a">R. 06</subfield>
    </datafield>
    <datafield tag="090" ind1=" " ind2=" ">
      <subfield code="a">R. 06 PIM I 2016</subfield>
    </datafield>
    <datafield tag="100" ind1=" " ind2=" ">
      <subfield code="a">Sudaryanto</subfield>
    </datafield>
    <datafield tag="245" ind1=" " ind2=" ">
      <subfield code="a">Optimalisasi Kominda Dalam Penanganan Konflik Horisontal Guna Menciptakan Situasi Kondusif Di Provinsi Banten</subfield>
    </datafield>
    <datafield tag="260" ind1=" " ind2=" ">
      <subfield code="a">Jakarta</subfield>
      <subfield code="b">LAN Jakarta</subfield>
      <subfield code="c">2016</subfield>
    </datafield>
    <datafield tag="300" ind1=" " ind2=" ">
      <subfield code="a">vii, 45 hlm., Lam, 30 cm</subfield>
    </datafield>
    <datafield tag="500" ind1=" " ind2=" ">
      <subfield code="a">Seorang Pemimpin perubahan dituntut untuk mempunyai  kemampuan komunikasi efektif sehingga bisa menjalin komunikasi dan koordinasi serta bisa menyakinkan stakeholders internal maupun eksternal bahwa proyek perubahan ini penting dan bermanfaat dalam menciptakan situasi kondusif untuk mendukung pembangunan di Provinsi Banten, melalui Peraturan Gubernur tentang penanganan Konflik Sosial dan Peraturan Gubernur tentang Kominda Provinsi dan Kominda Kabupaten/Kota sebagai output dari Proyek Perubahan.</subfield>
    </datafield>
    <datafield tag="650" ind1=" " ind2=" ">
      <subfield code="a">Konflik Horisontal</subfield>
    </datafield>
  </record>
</collection>
